00528nam a22001457a 4500003000500000038001800005082000800023100002000031245014500051264003400196300002500230650003100255700003900286856005700325NUST aNusrat Nadeem a200 a Ahmed Khurshid aExperimental and Numerical Studies of Blast, Fragmentation and Thermal Effects Mitigation of Energetic Materials Detonation/cKhurshid Ahmed aIslamabad;bSCME NUST;c2021. a135,p;bill;c30,cm. aPhD-Materials Engineering  aSupervisor: Dr. Abdul Qadeer Malik uhttp://10.250.8.41:8080/xmlui/handle/123456789/34035